000 00266nam a2200121Ia 4500
005 20251222140027.0
008 251222s1900||||xx |||||||||||||| ||spa||
082 _a143/G51
100 _aGuisso, Lorenzo
245 0 _aBergson
264 _bFratelli Bocca
942 _cLIB
999 _c2813
_d2813